000
00398nam a22001337a 4500
020
_a
9789351540618
082
_a
070.4
100
_a
Sanoj Singh
245
_a
Outlines of journalism
260
_a
New Delhi
_b
Venus books
_c
2015
300
_a
300p
942
_c
BK
999
_c
2580
_d
2580